LEADER 01529nam--2200409---450- 001 990003455360203316 005 20101015114037.0 010 $a978-88-217-3128-0 035 $a000345536 035 $aUSA01000345536 035 $a(ALEPH)000345536USA01 035 $a000345536 100 $a20101015d2009----km-y0itay50------ba 101 $aita 102 $aIT 105 $a||||||||001yy 200 1 $a<> prevenzione dei rischi e la tutela della salute in azienda$eil testo unico e il decreto correttivo 106/2009$fa cura di Francesco Basenghi, Luigi Enrico Golzio, Alberto Zini$gin collaborazione con il CIPRAL dell'Università degli studi di Modena e Reggio Emilia 210 $a[Milanofiori, Assago]$cIPSOA$d2009 215 $aXXXVII, 760 p.$d24 cm 225 2 $a<> nuova sicurezza del lavoro$f<> Manuali$v1 410 0$12001$a<> nuova sicurezza del lavoro$v, 1 454 1$12001 461 1$1001-------$12001 606 0 $aInfortuni sul lavoro [e] Malattie professionali$xPrevenzione$yItalia$xLegislazione$2BNCF 676 $a344.45022 702 1$aBASENGHI,$bFrancesco 702 1$aGOLZIO,$bLuigi Enrico 702 1$aZINI,$bAlberto 801 0$aIT$bsalbc$gISBD 912 $a990003455360203316 951 $aXXV.2.K. 173$b66147 G.$cXXV.2.K.$d00283151 959 $aBK 969 $aGIU 979 $aFIORELLA$b90$c20101015$lUSA01$h1133 979 $aFIORELLA$b90$c20101015$lUSA01$h1140 996 $aPrevenzione dei rischi e la tutela della salute in azienda$965055 997 $aUNISA LEADER 02455nam0 22004933i 450 001 VAN0181204 005 20230612121512.570 017 70$2N$a9783319466019 100 $a20210712d2017 |0itac50 ba 101 $aeng 102 $aCH 105 $a|||| ||||| 200 1 $a3rd International Multidisciplinary Microscopy and Microanalysis Congress (InterM)$eProceedings, Oludeniz, Turkey, 19-23 October 2015$fAhmet Yavuz Oral, Zehra Banu Bahsi Oral editors 210 $aCham$cSpringer$d2017 215 $axx, 255 p.$cill.$d24 cm 410 1$1001VAN0132747$12001 $aSpringer Proceedings in Physics$1210 $aBerlin [etc.]$cSpringer$v186 500 1$3VAN0181225$a3rd International Multidisciplinary Microscopy and Microanalysis Congress (InterM)$92102295 606 $a92C05$xBiophysics [MSC 2020]$3VANC020842$2MF 606 $a00Bxx$xConference proceedings and collections of articles [MSC 2020]$3VANC021742$2MF 606 $a78-XX$xOptics, electromagnetic theory [MSC 2020]$3VANC022356$2MF 606 $a00A79 (77-XX)$xPhysics [MSC 2020]$3VANC023182$2MF 610 $aAdvances in Instrumentation and Techniques$9KW:K 610 $aConfocal Microscopy$9KW:K 610 $aElectron Microscopy$9KW:K 610 $aINTERM2015$9KW:K 610 $aINTERM2015 Proceedings$9KW:K 610 $aMicroscopy in the Biological Sciences$9KW:K 610 $aMicroscopy in the Physical Sciences$9KW:K 610 $aOptical Microscopy$9KW:K 610 $aScanning Probe Microscopy$9KW:K 610 $aTrends in Microscopy$9KW:K 620 $aCH$dCham$3VANL001889 702 1$aBahsi Oral$bZehra Banu$3VANV162742 702 1$aOral$bAhmet Yavuz$3VANV162734 712 12$aInternational Multidisciplinary Microscopy and Microanalysis Congress$d3.$f2015$eOludeniz, Turkey$3VANV162743 712 $aSpringer $3VANV108073$4650 801 $aIT$bSOL$c20240614$gRICA 856 4 $uhttp://doi.org/10.1007/978-3-319-46601-9$zE-book ? Accesso al full-text attraverso riconoscimento IP di Ateneo, proxy e/o Shibboleth 899 $aBIBLIOTECA DEL DIPARTIMENTO DI MATEMATICA E FISICA$1IT-CE0120$2VAN08 912 $fN 912 $aVAN0181204 950 $aBIBLIOTECA DEL DIPARTIMENTO DI MATEMATICA E FISICA$d08CONS e-book 3011 $e08eMF3011 20210712 996 $a3rd International Multidisciplinary Microscopy and Microanalysis Congress (InterM)$92102295 997 $aUNICAMPANIA